Outdoor recreation management

Bibliographic Details
Main Author: PIGRAM
Other Authors: Jenkins 1961-
Format: Book
Published: London : Routledge , 2002
Series:Routledge advances in tourism; n. 5
Subjects:

MARC

LEADER 00000cam a2200000 7i4500
001 0000002157
005 20030313.0
020 0 0 |a 0415159997 
090 0 0 |a 790.069   |b PIG 2002 
100 1 0 |a PIGRAM   |h John J. 
245 1 0 |a Outdoor recreation management   |c John J. Pigram and John M. Jenkins 
260 0 0 |a London :   |b Routledge ,   |c 2002 
300 |a xii, 329 p. :   |b ill. ;   |c 24 cm. 
440 0 0 |a Routledge advances in tourism; n. 5 
500 0 0 |a Includes bibliography (p. 290-316) and index 
650 0 0 |a Leisure   |x Social aspects 
650 0 0 |a Outdoor recreation   |x Management 
650 0 0 |a Outdoor recreation   |x Social aspects 
700 0 1 |a Jenkins   |h John M. ,   |c 1961- 
998 |a JPSM 
999 |a 0000003648   |b Monograph   |c Open Shelf   |e Default branch